The British / American Dictionary
| Main Author: | |
|---|---|
| Format: | Book |
| Language: | Undetermined |
| Published: |
London
Hutchinson
1984
|
MARC
| LEADER | 00000nam a2200000 a 4500 | ||
|---|---|---|---|
| 001 | vtls001375631 | ||
| 003 | SK-MaSNL | ||
| 005 | 20260301161238.0 | ||
| 008 | 240318s1984 xx 0 und | ||
| 035 | |a SNK000329540 | ||
| 040 | |a SNK |b slo |c SNK |e AACR2 | ||
| 100 | 1 | |a Moss, Norman |4 aut |9 523983 | |
| 245 | 1 | 4 | |a The British / American Dictionary |
| 260 | |a London |b Hutchinson |c 1984 | ||
| 300 | |a 174 s. | ||
| 958 | |a OND | ||
| 999 | |c 808721 |d 810651 | ||
| 952 | |t P60, <04>, [BOOK], {604} |a SNK |b SNK |y VYP |7 0 |p 17A0215891 |o snkID 81390 D1 |0 0 |1 1 |4 0 |d 1999-10-26 |l 0 |r 2005-01-02 00:00:00 |w 2026-02-24 | ||


